00807nam a2200217Ii 45000010005000000030009000050080041000140400033000550410008000880820016000961000034001122450080001462640060002263000012002863360026002983370028003243380027003529400050003799990017004299520143004467435CO-ViMGA241108s9999||||xx |||||||||||||| ||und|| aCO-ViMGAbspaerdacCO-ViMGA0 aunk04a986.101-B241 aRafael Gómez Picón95141610aTimaná de Belalcázar a la gaitana :bParábola de violencia y libertad 1a[Lugar de publicación no identificado] : A.C.B., 1981 avolumen atextbtxt2rdacontent aunmediatedbn2rdamedia avolumebnc2rdacarrier aidficha_siabuc: 7264. -- ficha_no_siabuc:7435 c54780d54780 001040708001aMEVIGERRbMEVIGERRcGENd2006-11-27hVol.1o986.101-B24pECA7342r2024-11-26 10:41:42tEj.1w2024-11-26yBKz7264 | 10203